Top 200 Soccer Players between 2014-2024 - Statistics

General Stats
  • This quiz has been taken 271 times
  • The average score is 37 of 202
Answer Stats
Answer % Correct
Messi
98%
Ronaldo
96%
Neymar
88%
Mbappe
74%
Suarez
73%
Benzema
71%
Modric
71%
De Bruyne
63%
Haaland
63%
Kroos
63%
Salah
63%
Lewandowski
61%
Ramos
59%
Neuer
57%
Iniesta
56%
Mane
55%
Kane
52%
Muller
51%
Bernardo Silva
49%
Van Dijk
48%
Griezmann
47%
Thiago Silva
47%
Marcelo
45%
Pique
45%
Alisson
42%
Courtois
42%
Rodri
41%
Casemiro
40%
Ederson
40%
Jordi Alba
39%
Son
39%
Aguero
38%
Firmino
38%
Kimmich
36%
Ter Stegen
36%
Bellingham
35%
Kante
34%
Pogba
34%
Carvajal
33%
Foden
33%
Sane
32%
Varane
32%
Ibrahimovic
31%
Oblak
31%
Saka
31%
Buffon
29%
Dembele
28%
Dani Alves
27%
Lautaro Martinez
27%
Navas
27%
Lukaku
26%
Bruno Fernandes
25%
Cavani
25%
De Jong
25%
Emiliano Martinez
25%
Reus
25%
Rodrygo
25%
Di Maria
24%
Coutinho
23%
Robertson
23%
Walker
23%
Alexander-Arnold
22%
Mahrez
21%
Pedri
21%
Rakitic
21%
Alaba
20%
Giroud
20%
Musiala
20%
Donnarumma
19%
Isco
19%
Rudiger
19%
Boateng
18%
Gnabry
18%
Henderson
18%
Hummels
18%
De Gea
17%
Diaz
17%
Dybala
17%
Gavi
17%
Havertz
17%
Morata
17%
Stones
17%
Thiago Alcantara
16%
Valverde
16%
Grealish
15%
Marquinhos
15%
Bonucci
14%
Chiellini
14%
De Ligt
14%
Lloris
14%
Aubameyang
13%
Julian Alvarez
13%
Militao
13%
Rice
13%
Camavinga
12%
Costa
12%
Koke
12%
Kompany
12%
Odegaard
12%
Vardy
12%
Verratti
12%
Sancho
11%
Barella
10%
Hakimi
10%
Mendy
10%
Saliba
10%
Torres
10%
Cancelo
9%
Davies
9%
James
9%
Tchouameni
9%
Asensio
8%
Godin
8%
Joao Felix
8%
Matuidi
8%
Werner
8%
Wijnaldum
8%
Eriksen
7%
Akanji
6%
Depay
6%
Gabriel
6%
Gimenez
6%
Handanovic
6%
Immobille
6%
Lacazzette
6%
Leao
6%
Maignan
6%
Mertens
6%
Olmo
6%
Osimhen
6%
Pulisic
6%
Saul
6%
Sommer
6%
Vidal
6%
De Paul
5%
Chiesa
4%
Gabi
4%
Insigne
4%
Kepa
4%
Kobel
4%
Mandzukic
4%
Mendes
4%
Neves
4%
Perisic
4%
Pickford
4%
Tadic
4%
Ziyech
4%
Darwin Nunez
3%
Hart
3%
Simon
3%
Brozovic
2%
Cuadrado
2%
Fekir
2%
Kvara
2%
Moreno
2%
Romero
2%
Schmeichel
2%
Vlahovic
2%
Alexis Sanchez
1%
Bono
1%
Bravo
1%
Burki
1%
Correa
1%
Dimarco
1%
Dumfries
1%
Guedes
1%
Gueye
1%
Haller
1%
Herrera
1%
Kjaer
1%
Llorente
1%
Milinkovic-Savic
1%
Miranda
1%
Ochoa
1%
Ospina
1%
Oyarzabal
1%
Patricio
1%
Ramsdale
1%
Sabitzer
1%
Toney
1%
Trippier
1%
Vinicus
1%
Yaya Toure
1%
Alderwiedeld
0%
Almiron
0%
Basroni
0%
Bowen
0%
Chopo Mouting
0%
Denayer
0%
Diogo Costa
0%
Filipe Luis
0%
Guerreiro
0%
Ibanez
0%
Lisandro Martinez
0%
Livakovic
0%
Phillips
0%
Taremi
0%
Toko Ekambi
0%
Verthongen
0%
Zaha
0%
No matching quizzes found
Score Distribution
Percent of People with Each Score
Percentile by Number Answered
Your Score History
You have not taken this quiz